[Event "Titled Tue 10th Jun Early"]
[Site "chess.com INT"]
[Date "2025.06.10"]
[Round "3"]
[White "Pragnya H G"]
[Black "Cuellar Montes, Alejandro"]
[Result "1-0"]
[WhiteTitle "WFM"]
[BlackTitle "CM"]
[WhiteElo "2003"]
[BlackElo "2173"]
[WhiteFideId "25609785"]
[BlackFideId "32096836"]
[EventDate "2025.06.10"]

1. c4 e6 2. d4 Nf6 3. Nc3 Bb4 4. e3 O-O 5. Bd3 b6 6. Ne2 Bb7 7. O-O d5 8. a3 Bd6
9. b3 a6 10. f3 c5 11. Bc2 Nc6 12. Kh1 Rc8 13. Bb2 dxc4 14. bxc4 Na5 15. Bd3
cxd4 16. Nxd4 Nxc4 17. Bxc4 Rxc4 18. Qd3 b5 19. Rad1 Bb8 20. a4 Qc7 21. g3 b4
22. Ne4 Nxe4 23. fxe4 e5 24. Rc1 Rc8 25. Nf5 Rc6 26. Kg1 Rd8 27. Rxc6 Bxc6 28.
Qc4 Qb7 29. Qxc6 Qxc6 30. Ne7+ Kf8 31. Nxc6 Rc8 32. Nxb8 Rxb8 33. Bxe5 Rb7 34.
Rb1 b3 35. Kf2 f6 36. Bd4 Kf7 37. Ke2 Rb4 38. a5 Rb5 39. Bc3 Ke6 40. Kd3 Kd6 41.
Kc4 Rh5 42. h4 Rb5 43. Rxb3 Ke6 44. Rxb5 axb5+ 45. Kxb5 1-0

[Event "Titled Tue 10th Jun Early"]
[Site "chess.com INT"]
[Date "2025.06.10"]
[Round "3"]
[White "Nguyen Thi Mai Hung"]
[Black "Barseghyan, Armen Ar."]
[Result "0-1"]
[WhiteTitle "WGM"]
[BlackTitle "IM"]
[WhiteElo "2191"]
[BlackElo "2348"]
[WhiteFideId "12401676"]
[BlackFideId "13306707"]
[EventDate "2025.06.10"]

1. d4 Nf6 2. Nf3 e6 3. e3 c5 4. Bd3 b6 5. O-O Be7 6. c4 Bb7 7. Nc3 cxd4 8. exd4
d5 9. Qe2 dxc4 10. Bxc4 O-O 11. Rd1 Nbd7 12. Bf4 Rc8 13. Ne5 h6 14. Rac1 Nb8 15.
Ng4 Nbd7 16. Nb5 Nxg4 17. Qxg4 Nf6 18. Qh3 a6 19. Na3 b5 20. Bb3 Rxc1 21. Bxc1
Qc7 22. Nc2 Rc8 23. Ne3 Ne4 24. Nf1 Bf6 25. Be3 a5 26. a4 bxa4 27. Bxa4 Qc4 28.
Ra1 Qe2 29. b3 Bd5 30. Ng3 Nxg3 31. Qxg3 Qb2 32. Rf1 Bxb3 33. Bxb3 Qxb3 34. h3
a4 35. Qd6 a3 36. Qa6 Rb8 37. Ra1 Be7 0-1

[Event "Titled Tue 10th Jun Early"]
[Site "chess.com INT"]
[Date "2025.06.10"]
[Round "3"]
[White "Yevchenko, Oleksandr"]
[Black "Dorrance, Adam"]
[Result "0-1"]
[WhiteTitle "CM"]
[BlackTitle "FM"]
[WhiteElo "2276"]
[BlackElo "2301"]
[WhiteFideId "14108267"]
[BlackFideId "2618567"]
[EventDate "2025.06.10"]

1. c4 c6 2. e4 e5 3. Nc3 Nf6 4. Nf3 Bd6 5. d4 Qe7 6. dxe5 Bxe5 7. Nxe5 Qxe5 8.
Bd3 d6 9. O-O O-O 10. h3 Be6 11. Be3 Qa5 12. f4 Qb4 13. Qe2 c5 14. Nb5 Nc6 15.
Nxd6 Rad8 16. e5 Nd7 17. b3 f5 18. exf6 Nxf6 19. Nb5 Rxd3 20. Qxd3 Rd8 21. Qe4
Bf7 22. Rad1 Re8 23. Qf3 Ne4 24. Nd6 Nxd6 25. Rxd6 Qc3 26. Bxc5 Qa5 27. Bd4 Nxd4
28. Rxd4 Qc5 29. Rd1 Bh5 30. Qd5+ Qxd5 31. Rxd5 Bxd1 32. Rxd1 Re2 33. a4 Kf7 34.
Rd7+ Kf6 35. Rxb7 a5 36. Rb5 g6 37. Kh2 Rb2 38. Kg3 h5 39. h4 Rc2 40. Kh3 Rc3+
41. g3 Rc2 42. Rxa5 Rb2 43. Rb5 Ra2 44. a5 Ra3 45. b4 Ra2 46. Rb6+ Kf5 47. Rb5+
Ke4 48. Re5+ Kf3 49. Re1 Kf2 50. Rc1 Ra3 51. c5 Rxg3+ 52. Kh2 Rg2+ 53. Kh1 Rg4
54. Rc2+ Kf1 55. Rh2 Rg1# 0-1

[Event "Titled Tue 10th Jun Early"]
[Site "chess.com INT"]
[Date "2025.06.10"]
[Round "3"]
[White "Begunov, Konstantin"]
[Black "Milare, Tyron"]
[Result "1-0"]
[WhiteTitle "FM"]
[BlackTitle "FM"]
[WhiteElo "2325"]
[BlackElo "2248"]
[WhiteFideId "4118510"]
[BlackFideId "12987018"]
[EventDate "2025.06.10"]

1. d4 d5 2. c4 e6 3. Nc3 Nf6 4. Bg5 Be7 5. cxd5 exd5 6. e3 h6 7. Bh4 c6 8. Bd3
O-O 9. Nf3 Ne4 10. Bxe7 Qxe7 11. Qc2 Nxc3 12. bxc3 Nd7 13. O-O Nf6 14. c4 dxc4
15. Bxc4 Be6 16. Bd3 Bd5 17. Nd2 Rfe8 18. Rab1 h5 19. h3 Be6 20. Nf3 Bd5 21. Ne5
Rab8 22. Rfe1 Nd7 23. Nc4 Qg5 24. e4 Be6 25. Kh1 Red8 26. Re3 Nb6 27. Ne5 Rxd4
28. Nf3 Qd8 29. Nxd4 Qxd4 30. Rd1 Qe5 31. Be2 c5 32. Red3 c4 33. Rd8+ Rxd8 34.
Rxd8+ Kh7 35. Bf3 g6 36. h4 Qf6 37. Rd6 Qxh4+ 38. Kg1 Qf4 39. Rd4 Qe5 40. Qd2 h4
41. Rd8 h3 42. Qb4 hxg2 43. Qf8 Qg7 44. Qd6 c3 45. Qh2+ Qh6 46. Rh8+ Kxh8 47.
Qxh6+ Kg8 48. Bd1 Bxa2 49. Qe3 1-0

[Event "Titled Tue 10th Jun Early"]
[Site "chess.com INT"]
[Date "2025.06.10"]
[Round "3"]
[White "Dwilewicz, Katarzyna"]
[Black "Jonnalagadda, Vishnusankar"]
[Result "1-0"]
[WhiteTitle "WFM"]
[WhiteElo "2198"]
[BlackElo "2047"]
[WhiteFideId "1148486"]
[BlackFideId "39900100"]
[EventDate "2025.06.10"]

1. e4 c5 2. Nc3 Nc6 3. Bb5 Nd4 4. Bc4 e6 5. Nge2 Nc6 6. O-O Nf6 7. d4 cxd4 8.
Nxd4 Be7 9. Nxc6 dxc6 10. Qf3 O-O 11. Bg5 Qa5 12. Bh4 Qc5 13. Bb3 a5 14. Rfe1 e5
15. Rad1 b5 16. a4 b4 17. Ne2 Ba6 18. Ng3 Bc8 19. Nf5 Bxf5 20. Qxf5 Rfd8 21. h3
g6 22. Qf3 Kg7 23. Bg5 Qb6 24. g4 Rxd1 25. Rxd1 Rd8 26. Be3 Rxd1+ 27. Qxd1 Bc5
28. Bxc5 Qxc5 29. Qd3 Ne8 30. Kg2 Nd6 31. Kf3 Kf6 32. Qe3 Qd4 33. h4 h6 34. Qxh6
Qxe4+ 35. Kg3 Ke7 36. Qg5+ Kf8 37. Qd8+ Ne8 38. Qd7 Qf4+ 39. Kg2 Qf6 40. g5 Qe7
41. Qxc6 Nd6 42. Qd5 Kg7 43. Qxa5 Qb7+ 44. Qd5 Qc7 45. Qxe5+ Kg8 46. f3 Qc6 47.
a5 Nf5 48. Qe4 1-0

[Event "Titled Tue 10th Jun Early"]
[Site "chess.com INT"]
[Date "2025.06.10"]
[Round "3"]
[White "Manon-og, Ramon Jr."]
[Black "Khazhatuly, Alikhan"]
[Result "0-1"]
[BlackTitle "CM"]
[WhiteElo "1913"]
[BlackElo "2173"]
[WhiteFideId "5200776"]
[BlackFideId "13731335"]
[EventDate "2025.06.10"]

1. e4 c5 2. f4 g6 3. Nf3 Bg7 4. c3 e6 5. d4 cxd4 6. cxd4 d5 7. e5 Nc6 8. Bb5 Ne7
9. Nc3 h5 10. O-O a6 11. Ba4 b5 12. Bc2 Nf5 13. Bxf5 exf5 14. a3 Be6 15. Be3 Qb6
16. Rc1 Rc8 17. Qb3 Qd8 18. Ne2 O-O 19. Rc5 Na5 20. Qc2 Nc4 21. Bf2 Re8 22. Ng5
Bf8 23. Rxc8 Qxc8 24. Rc1 Qb7 25. h3 Rc8 26. Nxe6 fxe6 27. g4 hxg4 28. hxg4 Nd6
29. Qd3 Rxc1+ 30. Nxc1 Ne4 31. g5 Qc6 32. Nb3 a5 33. Kg2 a4 34. Nd2 Qc1 35. Nxe4
fxe4 36. Qxb5 Qxf4 37. Qxa4 Qxg5+ 38. Kh2 e3 39. Be1 Qf4+ 40. Kg2 e2 41. Qa5
Qxd4 42. Qc3 Qe4+ 43. Kf2 Bh6 44. Qc8+ Kh7 45. Qd7+ Bg7 46. Qxe6 Bxe5 47. Qh3+
Kg7 48. Qd7+ Kh6 49. Bd2+ Bf4 50. Qh3+ Kg7 51. Bxf4 e1=Q# 0-1

[Event "Titled Tue 10th Jun Early"]
[Site "chess.com INT"]
[Date "2025.06.10"]
[Round "3"]
[White "Titus, Andrew"]
[Black "Ebrahimi Herab, Hamidreza"]
[Result "1-0"]
[BlackTitle "FM"]
[WhiteElo "2246"]
[BlackElo "2404"]
[WhiteFideId "2059770"]
[BlackFideId "22512888"]
[EventDate "2025.06.10"]

1. e4 c5 2. Nf3 e6 3. d4 cxd4 4. Nxd4 Nf6 5. Nc3 Nc6 6. Ndb5 Bc5 7. Bf4 O-O 8.
Bd6 Qb6 9. Bxc5 Qxc5 10. Qd6 Qb6 11. Qc7 Qc5 12. Qd6 Qb6 13. Qc7 d5 14. Qxb6
axb6 15. exd5 exd5 16. O-O-O Be6 17. Nd4 Ng4 18. Rd2 Nxd4 19. Rxd4 Nxf2 20. Rg1
Ng4 21. Be2 Nf6 22. Bf3 Rfd8 23. Rgd1 Kf8 24. a3 Ra5 25. a4 Rd7 26. b4 Ra8 27.
Kb2 Rad8 28. g3 Ke7 29. R1d2 Kd6 30. Nb5+ Ke7 31. Nc3 g5 32. Bg2 h5 33. Re2 Kf8
34. Re5 g4 35. Bh1 Ke7 36. Re3 h4 37. Bg2 Kf8 38. Ne2 hxg3 39. hxg3 Kg7 40. Nf4
Bf5 41. Re5 Be4 42. Bf1 Bf3 43. Bd3 Ne4 44. Nxd5 Nxg3 45. c4 f6 46. Re6 Nh1 47.
Rxf6 Nf2 48. Rg6+ Kh8 49. Rh6+ Kg7 50. Rg6+ Kf8 51. Bc2 Rg7 52. Rf4+ Rf7 53.
Rgf6 Rd7 54. Nxb6 Rxf6 55. Nxd7+ Ke7 56. Nxf6 g3 57. Rxf3 g2 58. Rg3 1-0

[Event "Titled Tue 10th Jun Early"]
[Site "chess.com INT"]
[Date "2025.06.10"]
[Round "3"]
[White "Akkara, Omer"]
[Black "Fikiet, Alex"]
[Result "1-0"]
[WhiteTitle "CM"]
[WhiteElo "2036"]
[BlackElo "2151"]
[WhiteFideId "26319802"]
[BlackFideId "2052717"]
[EventDate "2025.06.10"]

1. e4 c5 2. Nf3 d6 3. c3 Nf6 4. Be2 Bd7 5. e5 dxe5 6. Nxe5 Nc6 7. Nxd7 Qxd7 8.
d3 e6 9. O-O Be7 10. Be3 O-O 11. Nd2 Nd5 12. Nf3 Rfd8 13. Qd2 Rac8 14. h3 a6 15.
Rad1 b5 16. d4 cxd4 17. Nxd4 Nxe3 18. Qxe3 Qc7 19. Nxc6 Qxc6 20. Bf3 Qc7 21. Qe4
Rb8 22. Rfe1 Bf6 23. g3 a5 24. Kg2 b4 25. Rxd8+ Qxd8 26. Qc2 bxc3 27. bxc3 Qc7
28. c4 Rb2 29. Qa4 g6 30. Re2 Rxe2 31. Bxe2 Bd4 32. Qb5 Bb6 33. Bd3 Qc5 34. Qb2
Qd4 35. Qe2 Kg7 36. f4 a4 37. Qe5+ Qxe5 38. fxe5 a3 39. Kf3 f6 40. exf6+ Kxf6
41. h4 Ke5 42. g4 Kd4 43. Ke2 Kc3 44. g5 Bc5 45. h5 gxh5 46. Bxh7 Kb2 47. Bg8
Kxa2 48. Bxe6 Kb2 49. g6 Bf8 50. c5 a2 51. Bxa2 Kxa2 52. c6 1-0

[Event "Titled Tue 10th Jun Early"]
[Site "chess.com INT"]
[Date "2025.06.10"]
[Round "3"]
[White "Toktomushev, Teimur"]
[Black "Deac, Bogdan-Daniel"]
[Result "0-1"]
[WhiteTitle "FM"]
[BlackTitle "GM"]
[WhiteElo "2390"]
[BlackElo "2674"]
[WhiteFideId "14176726"]
[BlackFideId "1226380"]
[EventDate "2025.06.10"]

1. d4 Nf6 2. c4 e6 3. Nf3 d5 4. Nc3 c6 5. e3 Nbd7 6. Qc2 a5 7. Bd3 dxc4 8. Bxc4
b5 9. Bd3 Bb7 10. O-O Rc8 11. e4 b4 12. Na4 c5 13. dxc5 Bxc5 14. Qe2 Be7 15. Rd1
O-O 16. Bf4 Bc6 17. Bb5 Qe8 18. Bxc6 Rxc6 19. Nd4 Rc8 20. Nb5 Nc5 21. Nxc5 Rxc5
22. Bd6 Bxd6 23. Nxd6 Qc6 24. e5 Nd5 25. Ne4 Rc2 26. Qg4 Kh8 27. h4 h6 28. b3 a4
29. bxa4 Qxa4 30. Rd3 Rxa2 31. Rxa2 Qxa2 32. Kh2 Qc4 33. Rg3 g6 34. h5 g5 35.
Qf3 Qd4 36. Nf6 Qxe5 37. Nxd5 Qxd5 38. Qf6+ Kh7 39. Rf3 Qd7 40. Re3 Qc7+ 41. g3
Qd8 42. Qe5 Qd5 43. Qf6 Qf5 44. Qb2 Rd8 45. Kg2 Rd5 46. Rf3 Qe4 47. Qf6 Rf5 0-1

[Event "Titled Tue 10th Jun Early"]
[Site "chess.com INT"]
[Date "2025.06.10"]
[Round "3"]
[White "Liu, Xiangyi"]
[Black "Durarbayli, Vasif"]
[Result "0-1"]
[WhiteTitle "IM"]
[BlackTitle "GM"]
[WhiteElo "2370"]
[BlackElo "2612"]
[WhiteFideId "8605718"]
[BlackFideId "13402935"]
[EventDate "2025.06.10"]

1. e4 e5 2. Nf3 Nc6 3. Bc4 Nf6 4. d3 h6 5. O-O d6 6. h3 g5 7. Nh2 Bg7 8. Nc3 O-O
9. a4 Ne7 10. Be3 c6 11. Ba2 Ng6 12. Ne2 d5 13. Bc5 Re8 14. Ng3 Nf4 15. Ng4 Be6
16. Ne3 b6 17. Ba3 h5 18. Ngf5 d4 19. Nxg7 Kxg7 20. Nc4 Bxc4 21. Bxc4 Qd7 22.
Kh2 Rh8 23. Rh1 Rh6 24. Kg1 h4 25. b4 g4 26. hxg4 Qxg4 27. Qxg4+ Nxg4 28. Bc1
Ne2+ 29. Kf1 Nxc1 30. Rxc1 Rf6 31. f3 Ne3+ 32. Kf2 Rh8 33. Bb3 Rg6 34. Rh2 f5
35. exf5 Nxf5 36. Re1 Ne3 37. c3 Kf6 38. cxd4 exd4 39. a5 Ke5 40. axb6 axb6 41.
Rc1 Rh7 42. Bd1 Rhg7 43. Rxh4 Rxg2+ 44. Ke1 Rg1+ 45. Kd2 R7g2+ 46. Be2 Rxe2+ 47.
Kxe2 Rxc1 48. Rh5+ Nf5 49. Rh8 Rc2+ 50. Kd1 Ne3+ 51. Ke1 Rb2 52. Re8+ Kf4 53.
Re4+ Kxf3 0-1

[Event "Titled Tue 10th Jun Early"]
[Site "chess.com INT"]
[Date "2025.06.10"]
[Round "3"]
[White "Ternault, Mathieu"]
[Black "Plyasunov, Daniil"]
[Result "0-1"]
[WhiteTitle "FM"]
[BlackTitle "FM"]
[WhiteElo "2275"]
[BlackElo "2283"]
[WhiteFideId "20641532"]
[BlackFideId "44133839"]
[EventDate "2025.06.10"]

1. d4 d5 2. c4 e6 3. cxd5 exd5 4. Nc3 c6 5. Nf3 Bf5 6. Bf4 Bd6 7. Bxd6 Qxd6 8.
Qb3 Qe7 9. Rc1 Nf6 10. e3 O-O 11. Ne5 a5 12. a3 Ne4 13. Be2 Nxc3 14. Rxc3 a4 15.
Qd1 Nd7 16. Nxd7 Qxd7 17. O-O Rfe8 18. Qd2 Bg4 19. Bxg4 Qxg4 20. f3 Qe6 21. Re1
f5 22. Qf2 Ra6 23. Qg3 Rb6 24. Re2 Qe7 25. Qf4 g6 26. h4 Kf7 27. Qh6 Kg8 28. Kf2
Rb3 29. Rxb3 axb3 30. Rd2 Qf6 31. Qf4 Kg7 32. Rd3 Re7 33. Rxb3 h6 34. g3 g5 35.
hxg5 hxg5 36. Qb8 Qh6 37. Kg1 g4 38. fxg4 fxg4 39. Qf4 Qg6 40. Rb6 Rf7 41. Qe5+
Kh7 42. Kg2 Qc2+ 43. Kg1 Qd1+ 44. Kg2 Qf1+ 45. Kh2 Rf2# 0-1

[Event "Titled Tue 10th Jun Early"]
[Site "chess.com INT"]
[Date "2025.06.10"]
[Round "3"]
[White "Cordoba Roa, Angel Gabriel"]
[Black "Sarana, Alexey"]
[Result "0-1"]
[WhiteTitle "FM"]
[BlackTitle "GM"]
[WhiteElo "2396"]
[BlackElo "2686"]
[WhiteFideId "3957624"]
[BlackFideId "24133795"]
[EventDate "2025.06.10"]

1. e4 e5 2. Nf3 Nc6 3. Bc4 Bc5 4. O-O Nf6 5. d3 d6 6. c3 a6 7. a4 Ba7 8. Re1 O-O
9. h3 Re8 10. Nbd2 Be6 11. Bxe6 Rxe6 12. Qc2 Ne7 13. b4 Ng6 14. Nf1 d5 15. c4 c6
16. Ng3 Qd7 17. Bb2 Rd8 18. b5 h6 19. exd5 cxd5 20. Nxe5 Nxe5 21. Rxe5 dxc4 22.
dxc4 Qd2 23. Qxd2 Rxd2 24. Rxe6 fxe6 25. Bxf6 Bxf2+ 26. Kh2 Bxg3+ 27. Kxg3 gxf6
28. Rc1 axb5 29. cxb5 Rd3+ 30. Kh2 Ra3 31. Rc7 b6 32. Rc6 Kf7 33. Rxb6 Rxa4 34.
Rb7+ Kg6 35. Kg3 h5 36. Kf3 Kf5 37. Rh7 Ra3+ 38. Ke2 Kg6 39. Re7 e5 40. b6 Rb3
41. b7 Kf5 42. Kd2 Ke4 43. Kc2 Rb6 44. Kc3 Kd5 45. Rh7 Rb1 46. Kc2 Rb5 47. Kc3
h4 48. Rf7 Rb6 49. Rxf6 Rxb7 50. Rh6 Rc7+ 51. Kd3 Rc4 52. Ke3 Ra4 53. Rg6 Ra3+
54. Ke2 Kd4 55. Rg8 Ra2+ 56. Kf3 e4+ 57. Kf4 Rf2+ 58. Kg4 Rxg2+ 0-1

[Event "Titled Tue 10th Jun Early"]
[Site "chess.com INT"]
[Date "2025.06.10"]
[Round "3"]
[White "Jovic, Stanoje"]
[Black "Atanasov, Anthony"]
[Result "0-1"]
[WhiteTitle "FM"]
[BlackTitle "IM"]
[WhiteElo "2096"]
[BlackElo "2417"]
[WhiteFideId "905020"]
[BlackFideId "2623897"]
[EventDate "2025.06.10"]

1. c4 c6 2. e4 d5 3. exd5 cxd5 4. cxd5 Nf6 5. Qa4+ Nbd7 6. Bc4 g6 7. d3 Bg7 8.
Nc3 O-O 9. Nf3 a6 10. Qa3 Nb6 11. Qb3 Ne8 12. O-O Nd6 13. Be3 Nd7 14. a4 Qa5 15.
Rfe1 Nc5 16. Qa3 Nxc4 17. dxc4 Nd3 18. Qxe7 Nxe1 19. Rxe1 Bg4 20. b4 Qd8 21.
Qxd8 Rfxd8 22. Ne4 Rac8 23. Nfd2 b5 24. Bg5 Re8 25. c5 f5 26. f3 Bh5 27. d6 Bd4+
28. Kf1 Rb8 29. Nf6+ Bxf6 30. Bxf6 Rxe1+ 31. Kxe1 Kf7 32. c6 Kxf6 33. c7 Re8+
34. Kd1 Ke6 35. axb5 axb5 36. Nb3 Kxd6 37. Nd4 Kxc7 38. Nxb5+ Kd7 39. Nd4 g5 40.
Nxf5 Rb8 41. Kd2 Rxb4 42. Ke3 Ra4 43. Nd4 Ra3+ 44. Ke4 Bg6+ 45. Ke5 Ra5+ 46. Kf6
Ra2 47. g4 Rd2 0-1

[Event "Titled Tue 10th Jun Early"]
[Site "chess.com INT"]
[Date "2025.06.10"]
[Round "3"]
[White "Topalov, Aleksandar"]
[Black "Nazin, Roman"]
[Result "0-1"]
[WhiteTitle "CM"]
[BlackTitle "CM"]
[WhiteElo "2233"]
[BlackElo "2250"]
[WhiteFideId "925659"]
[BlackFideId "4137167"]
[EventDate "2025.06.10"]

1. b3 d5 2. Bb2 c6 3. Nf3 Nf6 4. g3 Bg4 5. Bg2 Nbd7 6. O-O e6 7. d3 Bd6 8. Nbd2
Qe7 9. a3 a5 10. e4 dxe4 11. dxe4 e5 12. Qe2 O-O 13. h3 Bh5 14. g4 Bg6 15. Nh4
Nc5 16. Nf5 Bxf5 17. exf5 Rfe8 18. Nc4 Bc7 19. Rad1 h6 20. Ne3 Rad8 21. a4 Ncd7
22. Nc4 b6 23. Ba3 c5 24. Bb2 e4 25. Ne3 Ne5 26. Rfe1 Nc6 27. Qc4 Be5 28. Bxe5
Nxe5 29. Qb5 Qc7 30. Nc4 Nf3+ 31. Bxf3 exf3 32. Rxd8 Rxd8 33. Qxb6 Qd7 34. Qxc5
Re8 35. Rxe8+ Qxe8 36. Qe3 Qc6 37. c3 Qd5 38. Qd4 Qc6 39. Nxa5 Qa6 40. Nc4 Qc6
41. Qd3 h5 42. Ne5 Qc7 43. Nxf3 hxg4 44. hxg4 Nxg4 45. Qd4 Nf6 46. Ne5 Qe7 47.
f4 Nh5 48. Qc4 Qf6 0-1

[Event "Titled Tue 10th Jun Early"]
[Site "chess.com INT"]
[Date "2025.06.10"]
[Round "3"]
[White "Tao, Sihan"]
[Black "Mohamed, Anees M"]
[Result "0-1"]
[WhiteTitle "FM"]
[BlackTitle "FM"]
[WhiteElo "2202"]
[BlackElo "2431"]
[WhiteFideId "30982677"]
[BlackFideId "35065815"]
[EventDate "2025.06.10"]

1. g3 Nf6 2. Bg2 e5 3. c4 Nc6 4. Nc3 g6 5. d3 Bg7 6. Bg5 h6 7. Bxf6 Bxf6 8. e3
O-O 9. Nge2 d6 10. O-O h5 11. d4 h4 12. dxe5 Nxe5 13. Nd5 Bg7 14. Rc1 c6 15.
Ndc3 Bg4 16. f3 Be6 17. b3 Qe7 18. Qd2 Rad8 19. Nd4 Bc8 20. a4 Bh6 21. Rfe1 Kg7
22. f4 hxg3 23. hxg3 Ng4 24. Bf3 Rh8 25. Kg2 Rde8 26. e4 Ne5 27. Rh1 Nxf3 28.
Nxf3 Bg4 29. Qd4+ Qf6 30. Qxa7 Bxf4 31. gxf4 Qxf4 32. Qd4+ f6 33. Qf2 Rh3 34.
Rxh3 Bxh3+ 35. Kxh3 Qxc1 36. Ne2 Qh1+ 37. Kg3 Rh8 38. Nf4 Qd1 39. Nh4 Rh6 40.
Nfxg6 Qxb3+ 41. Kg2 Qxc4 42. Qf4 Qe2+ 43. Kg3 Qe1+ 44. Kg2 Qe2+ 45. Kg3 Qd3+ 46.
Kg2 Rxg6+ 47. Nxg6 Kxg6 48. Qf5+ Kg7 49. Qd7+ Kh6 50. Qf7 Qxe4+ 51. Kg3 Qg6+ 0-1

[Event "Titled Tue 10th Jun Early"]
[Site "chess.com INT"]
[Date "2025.06.10"]
[Round "3"]
[White "Shimanov, Aleksandr"]
[Black "Nakonechnyi, Oleksii"]
[Result "1-0"]
[WhiteTitle "GM"]
[BlackTitle "CM"]
[WhiteElo "2578"]
[BlackElo "2222"]
[WhiteFideId "4198603"]
[BlackFideId "34173714"]
[EventDate "2025.06.10"]

1. d4 Nf6 2. c4 g6 3. Nc3 Bg7 4. Bg5 O-O 5. e3 d6 6. Nf3 Nbd7 7. Be2 h6 8. Bh4
c5 9. d5 Rb8 10. O-O g5 11. Bg3 Nh5 12. Nd2 Nxg3 13. hxg3 a6 14. a4 b6 15. f4
Nf6 16. Bd3 Ng4 17. Re1 f5 18. Nf3 e5 19. dxe6 Bxe6 20. Qd2 Qd7 21. Rad1 Rbd8
22. b3 Kh8 23. e4 gxf4 24. gxf4 Qf7 25. exf5 Bxf5 26. Bxf5 Qxf5 27. Nd5 Qh5 28.
Re4 Rde8 29. Rde1 Rxe4 30. Rxe4 b5 31. Ne3 bxa4 32. bxa4 Nf6 33. Re6 Rb8 34.
Qxd6 Rb1+ 35. Kf2 Qf7 36. f5 Ra1 37. Qc6 Ra2+ 38. Kf1 Ra1+ 39. Kf2 Ra2+ 40. Kg3
Ra1 41. Ne5 Qh5 42. Rxf6 Qg5+ 43. N3g4 Ra3+ 44. Nf3 Bxf6 45. Qxf6+ Qxf6 46. Nxf6
Kg7 47. Nd7 Rxa4 48. Nfe5 Ra3+ 49. Kg4 h5+ 50. Kg5 Rg3+ 51. Kf4 Rxg2 52. f6+ Kh7
53. f7 Rf2+ 54. Nf3 1-0

[Event "Titled Tue 10th Jun Early"]
[Site "chess.com INT"]
[Date "2025.06.10"]
[Round "3"]
[White "Yun, Hungi"]
[Black "Todorovic, Bojan"]
[Result "0-1"]
[WhiteTitle "CM"]
[BlackTitle "FM"]
[WhiteElo "2058"]
[BlackElo "2111"]
[WhiteFideId "13210670"]
[BlackFideId "917087"]
[EventDate "2025.06.10"]

1. e4 g6 2. d4 Bg7 3. Nc3 d6 4. f4 a6 5. Nf3 Nd7 6. Bd3 b5 7. O-O Bb7 8. a4 b4
9. Ne2 Ngf6 10. e5 Nd5 11. e6 fxe6 12. Ng5 Nf8 13. c4 bxc3 14. bxc3 Qd7 15. Qc2
Qc6 16. Be4 Qc4 17. Bd3 Qc6 18. Be4 Qc4 19. Rb1 Bc6 20. Qb2 h6 21. Nf3 Kf7 22.
Nh4 Nxc3 23. Bxc6 Qxc6 24. Kh1 Nxe2 25. Qxe2 Qd5 26. Be3 Nd7 27. Qg4 Qh5 28. Qh3
Nf6 29. Rb7 Rhc8 30. g3 Qd5+ 31. Qg2 Qxg2+ 32. Kxg2 Rab8 33. Rfb1 Rxb7 34. Rxb7
Nd5 35. Kf3 Nxe3 36. Kxe3 g5 37. fxg5 hxg5 38. Nf3 Bf6 39. Ra7 Kg6 40. Rxa6 c5
41. dxc5 Rxc5 42. a5 g4 43. Nd4 Rc3+ 44. Ke4 Rc4 45. Ke3 Rxd4 0-1

[Event "Titled Tue 10th Jun Early"]
[Site "chess.com INT"]
[Date "2025.06.10"]
[Round "3"]
[White "Bortnyk, Olexandr"]
[Black "Rozman, Levy"]
[Result "1-0"]
[WhiteTitle "GM"]
[BlackTitle "IM"]
[WhiteElo "2601"]
[BlackElo "2324"]
[WhiteFideId "14120828"]
[BlackFideId "2039877"]
[EventDate "2025.06.10"]

1. d4 g6 2. e4 Bg7 3. Nc3 a6 4. a4 d6 5. h4 h6 6. h5 g5 7. Be3 Nc6 8. d5 Nb4 9.
Nge2 c5 10. a5 f5 11. Na4 fxe4 12. Nb6 Rb8 13. Ng3 Bxb2 14. Rb1 Bc3+ 15. Bd2 Be5
16. Bxb4 cxb4 17. Nxe4 Bf5 18. Bd3 Bxe4 19. Bxe4 Nf6 20. Bg6+ Kf8 21. O-O Qc7
22. Rxb4 Qc5 23. Ra4 Kg7 24. Qd3 Rhf8 25. g3 Rbd8 26. Kg2 Nd7 27. Rc4 Qb5 28.
Nxd7 Rxd7 29. f4 gxf4 30. gxf4 Bf6 31. Bf5 Rdd8 32. Be6 Kh8 33. Kh3 Rg8 34. Bxg8
Rxg8 35. Re4 Qxa5 36. Re3 Qc7 37. Rg3 Qc8+ 38. Kg2 Rxg3+ 39. Kxg3 Qc5 40. Kf3
Qb4 41. Rg1 Qc5 42. Rg2 b5 43. Ke2 b4 44. Qg6 Qc4+ 45. Kf2 Bd4+ 46. Kg3 Qc3+ 47.
Kh2 Bg7 48. Qe8+ Kh7 49. Qg6+ Kh8 50. Qe8+ Kh7 51. Qxe7 Kh8 52. Qd8+ Kh7 53.
Qxd6 Qd4 54. Qc7 a5 55. Rxg7+ Qxg7 56. d6 a4 57. Qxg7+ 1-0

[Event "Titled Tue 10th Jun Early"]
[Site "chess.com INT"]
[Date "2025.06.10"]
[Round "3"]
[White "Oro, Faustino"]
[Black "Vlassov, Nikolai"]
[Result "1/2-1/2"]
[WhiteTitle "IM"]
[BlackTitle "IM"]
[WhiteElo "2465"]
[BlackElo "2291"]
[WhiteFideId "20000197"]
[BlackFideId "4103360"]
[EventDate "2025.06.10"]

1. Nf3 f5 2. d3 Nc6 3. e4 e5 4. Nc3 Nf6 5. Bg5 Bc5 6. Be2 d6 7. O-O O-O 8. Nd5
Kh8 9. c3 fxe4 10. dxe4 Be6 11. b4 Bb6 12. a4 a5 13. b5 Ne7 14. Bxf6 gxf6 15.
Nxb6 cxb6 16. c4 Rg8 17. g3 Bh3 18. Re1 Qd7 19. Qd2 Bg4 20. Rad1 Rad8 21. Nh4
Bxe2 22. Qxe2 Qe6 23. Qd3 Rd7 24. Rd2 Rc8 25. Rc1 d5 26. exd5 Rxd5 27. cxd5
Rxc1+ 28. Kg2 Qd6 29. Qf3 Rc5 30. Qh5 Rxd5 31. Qe8+ Kg7 32. Re2 Qd7 33. Qb8 Ng6
34. Nxg6 hxg6 35. Qa7 Qc7 36. Qa8 Rd4 37. Qe8 Rxa4 38. f4 Qd6 39. fxe5 Qd5+ 40.
Kh3 f5 41. Qe7+ Kh6 42. Qf8+ Kh7 43. e6 Qf3 44. Qe7+ Kh6 45. Qf8+ Kh7 46. Qe7+
Kh6 47. Qf8+ Kh7 1/2-1/2

[Event "Titled Tue 10th Jun Early"]
[Site "chess.com INT"]
[Date "2025.06.10"]
[Round "3"]
[White "Galchenko, Matvey"]
[Black "Navoyan, Gagik"]
[Result "1-0"]
[WhiteTitle "IM"]
[BlackTitle "CM"]
[WhiteElo "2435"]
[BlackElo "2186"]
[WhiteFideId "24175480"]
[BlackFideId "13314866"]
[EventDate "2025.06.10"]

1. f4 d5 2. Nf3 g6 3. g3 Bg7 4. Bg2 c5 5. O-O Nc6 6. d3 Nf6 7. Nc3 d4 8. Na4 Qd6
9. c4 O-O 10. a3 Nd7 11. Rb1 a5 12. e4 e5 13. f5 gxf5 14. exf5 Nf6 15. Ng5 Bd7
16. Ne4 Nxe4 17. Bxe4 f6 18. Nb6 Rab8 19. Bd2 Be8 20. g4 Ne7 21. Bxa5 Bc6 22.
Qf3 Bh6 23. b4 Be3+ 24. Kh1 Bxe4 25. Qxe4 Nc6 26. bxc5 Qxc5 27. Rb5 Qxa3 28. Be1
Qa2 29. Qg2 Qa3 30. Qe2 e4 31. dxe4 Ne5 32. Bb4 Qa6 33. Bxf8 Rxf8 34. Nd5 Bg5
35. Qf2 d3 36. h4 Bh6 37. g5 fxg5 38. Qg3 Nf7 39. Qxd3 Kh8 40. Qc3+ Bg7 41. f6
Bh6 42. e5 Qe6 43. Rxb7 Qg4 44. Qf3 Qxh4+ 45. Kg2 g4 46. Qg3 Qg5 47. Rxf7 Rxf7
48. e6 Rf8 49. e7 Ra8 50. f7 Ra1 51. Rf2 Qh5 52. f8=Q+ 1-0